Question Words - Statistics

General Stats
  • This quiz has been taken 37 times
    22 since last reset
  • The average score is 8 of 15
Answer Stats
Hint Answer % Correct
easy how
100%
easy when
100%
easy who
100%
easy what
94%
easy why
94%
easy where
88%
easy which
41%
weird whose
41%
weird can
35%
weird if
29%
easy would
29%
weird are
24%
easy could
24%
weird do
24%
weird does
12%
No matching quizzes found
Score Distribution
Percent of People with Each Score
Percentile by Number Answered
Your Score History
You have not taken this quiz since the last reset